000 00792nam a2200313Ia 4500
001 7945
005 20240113234042.0
007 ta
008 050714s1968 a g b000 u eng u
020 _cHB
040 _aCotton College Assam
041 _aeng
082 _a821.9109
_bSt 18 L
100 _aStallworthy, Jon .
245 0 _aYeats: Last Poems A Case Book /
_cJon Stallworthy.
_hTextual Documents
250 _a1st ed /
260 _aNew York :
_bMacmillan and co ,
_c1968.
300 _a271p. :
_bill ;
_c20cm. .
504 _aIndex
653 _aEnglish-Poem-Criticism
653 _aCriticism-Yeats Last Poems
942 _2ddc
_cBK
999 _c7932
_d7932